<?xml version="1.0" encoding="UTF-8"?>
<collection xmlns="http://www.loc.gov/MARC21/slim">
 <record>
  <leader>00812cam a2200169 7i4500</leader>
  <controlfield tag="001">0000137532</controlfield>
  <controlfield tag="005">20131120090000.0</controlfield>
  <controlfield tag="002">  0000002602</controlfield>
  <datafield tag="090" ind1="0" ind2="0">
   <subfield code="a">LI 61 FPE 1 2005 </subfield>
  </datafield>
  <datafield tag="100" ind1="0" ind2="#">
   <subfield code="a">Nor Najihah Zakaria </subfield>
  </datafield>
  <datafield tag="245" ind1="1" ind2="0">
   <subfield code="a">Laporan akhir latihan industri di Pejabat Daerah Besut  </subfield>
   <subfield code="c">Nor Najihah Zakaria.</subfield>
  </datafield>
  <datafield tag="260" ind1="#" ind2="#">
   <subfield code="a">Terengganu: </subfield>
   <subfield code="b">Kolej Universiti Sains dan Teknologi Malaysia, </subfield>
   <subfield code="c">2005.</subfield>
  </datafield>
  <datafield tag="300" ind1=" " ind2=" ">
   <subfield code="a">49 p.; </subfield>
   <subfield code="c">30 cm..</subfield>
  </datafield>
  <datafield tag="502" ind1="#" ind2="#">
   <subfield code="a">Latihan Industri FPE (Ijazah Sarjana Muda Pengurusan - Polisi dan Sekitaran Sosial) 2005</subfield>
  </datafield>
  <datafield tag="520" ind1="3" ind2="#">
   <subfield code="a">Matlamat utama penubuhan ialah bagi merancang projek pembangunan terutama di Daerah Besut, mentadbir, melaksana dan mengawal pelbagai aktiviti di peringkat daerah selain menyediakan kemudahan asas</subfield>
  </datafield>
  <datafield tag="602" ind1="#" ind2="#">
   <subfield code="a">Latihan Industri FPE 2005</subfield>
  </datafield>
  <datafield tag="999" ind1=" " ind2=" ">
   <subfield code="a">1100039824</subfield>
   <subfield code="b">Book</subfield>
   <subfield code="c">Latihan Industri</subfield>
   <subfield code="e">KOLEKSI KHAS</subfield>
  </datafield>
 </record>
</collection>
